Panic! At the Disco Songs - Sudden Death - Statistics

General Stats
  • This quiz has been taken 218 times
  • The average score is 14 of 20
Answers on the Grid
Answers color-coded by a green-red scale on the quiz's grid according to % correct below.
The Ballad of Mona Lisa
Sweetness
House of Memories
But It's Better If You Do
I Hate Everything About You
Death of a Bachelor
Never Meant
Don't Let the Light Go Out
Nine in the Afternoon
Brick by Boring Brick
Lying is the Most Fun a Girl Can Have Without Taking Her Clothes Off
Hurricane
Let's Kill Tonight
LA Devotee
Jesus of Suburbia
Roaring 20's
Miserable At Best
You Know What They Do to Guys Like Us In Prison
This Ain't a Scene It's an Arms Race
I Write Sins Not Tragedies
Don't Threaten Me With a Good Time
Lifestyles of the Rich and Famous
High Hopes
Who's Afraid of Little Old Me?
That Green Gentleman (Things Have Changed)
Miss Jackson
Girls/Girls/Boys
Hey Look Ma, I Made It
Build God, Then We'll Talk
There's a Good Reason These Tables Are Numbered Honey, You Just Haven't Thought of It Yet
 
Answer Stats
Answer % Correct
House of Memories
86%
The Ballad of Mona Lisa
85%
Death of a Bachelor
83%
High Hopes
79%
Lying is the Most Fun a Girl Can Have Without Taking Her Clothes Off
79%
I Write Sins Not Tragedies
76%
But It's Better If You Do
73%
Hey Look Ma, I Made It
71%
Nine in the Afternoon
70%
There's a Good Reason These Tables Are Numbered Honey, You Just Haven't Thought of It Yet
70%
Don't Threaten Me With a Good Time
68%
Girls/Girls/Boys
65%
LA Devotee
65%
Build God, Then We'll Talk
64%
Miss Jackson
61%
Roaring 20's
61%
Let's Kill Tonight
60%
Hurricane
53%
That Green Gentleman (Things Have Changed)
51%
Don't Let the Light Go Out
48%
No matching quizzes found
Score Distribution
Percent of People with Each Score
Percentile by Number Answered
Your Score History
You have not taken this quiz